[Event "Schachbezirk Mittelfranken B BezEM 2025"]
[Site "Nürnberg"]
[Date "2025.06.07"]
[Round "2.2"]
[White "Werner, Norbert"]
[Black "Süß, Helmut"]
[Result "1-0"]
[WhiteElo "1771"]
[BlackElo "1866"]
[PlyCount "67"]
[GameId "2189118396483328"]
[EventDate "2025.??.??"]
[WhiteTeam "SW Nürnberg Süd e.V"]
[BlackTeam "NT Nürnberg"]

1. c4 g6 2. d4 Bg7 3. Nc3 c5 4. Nf3 cxd4 5. Nxd4 Nc6 6. Nxc6 bxc6 7. g3 Nf6 8. Bg2 O-O 9. O-O Rb8 10. Rb1 Qc7 11. b3 d6 12. Bb2 Bf5 13. e4 Bd7 14. Qe2 Bg4 15. f3 Bd7 16. Rfe1 Nh5 17. Nd1 Qb6+ 18. Kh1 Be5 19. Bxe5 dxe5 20. Nf2 Rfd8 21. Rbd1 Be6 22. Nd3 f6 23. f4 exf4 24. gxf4 Ng7 25. f5 gxf5 26. Bh3 Bf7 27. Rg1 Kh8 28. exf5 Qc7 29. Rde1 Bh5 30. Qe4 Rg8 31. Nf4 Bf7 32. Ng6+ hxg6 33. fxg6 Bxg6 34. Rxg6 1-0

[Event "Schachbezirk Mittelfranken B BezEM 2025"]
[Site "Nürnberg"]
[Date "2025.06.07"]
[Round "2.3"]
[White "Ratushnyi, Artur"]
[Black "Balhar, Michael"]
[Result "1/2-1/2"]
[WhiteElo "1694"]
[BlackElo "1831"]
[PlyCount "43"]
[GameId "2189120673741053"]
[EventDate "2025.??.??"]
[WhiteTeam "SW Nürnberg Süd e.V"]
[BlackTeam "SC Erlangen 48/88"]

1. e4 c5 2. Nc3 e6 3. f4 d5 4. d3 dxe4 5. dxe4 Qxd1+ 6. Nxd1 Nf6 7. Nc3 Bd7 8. Be3 Ng4 9. Bd2 Nc6 10. h3 Nf6 11. Bc4 a6 12. e5 Ng8 13. a4 Nd4 14. Kd1 Bc6 15. Rh2 Ne7 16. Nce2 Nxe2 17. Nxe2 Nf5 18. g4 Nh4 19. Ng1 Rd8 20. c3 Be7 21. a5 O-O 22. Ke2 1/2-1/2

[Event "Schachbezirk Mittelfranken B BezEM 2025"]
[Site "Nürnberg"]
[Date "2025.06.07"]
[Round "2.4"]
[White "Schlötterer, Hermann"]
[Black "Babichev, Vyacheslav"]
[Result "1-0"]
[WhiteElo "1836"]
[BlackElo "1779"]
[PlyCount "79"]
[GameId "2189122490018314"]
[EventDate "2025.??.??"]
[WhiteTeam "Zabo-Eintracht Nürnberg e.V"]
[BlackTeam "SW Nürnberg Süd e.V"]

1. d4 e6 2. g3 Be7 3. Bg2 d5 4. c4 c6 5. Qc2 Nf6 6. Nf3 Ne4 7. O-O O-O 8. Rd1 b6 9. b3 Nd7 10. cxd5 cxd5 11. Ne5 Nxe5 12. dxe5 Nc5 13. e4 d4 14. Bb2 d3 15. Qc3 Ba6 16. Qd2 Qd7 17. Qe3 Rfd8 18. Nd2 Rac8 19. Rac1 h6 20. Kh1 Bg5 21. f4 Be7 22. h4 Nb7 23. Qe1 Bc5 24. Nf3 Qe7 25. Qd2 Bb4 26. Qf2 Rxc1 27. Bxc1 Rc8 28. Ne1 Qd7 29. Be3 Bxe1 30. Qxe1 Rc2 31. Bf3 Rxa2 32. Ra1 Rxa1 33. Qxa1 Qb5 34. f5 Na5 35. fxe6 fxe6 36. Bg4 Qxb3 37. Qd4 Nc6 38. Qd7 Qb1+ 39. Kh2 Qc2+ 40. Kh3 1-0

[Event "Schachbezirk Mittelfranken B BezEM 2025"]
[Site "Nürnberg"]
[Date "2025.06.07"]
[Round "2.5"]
[White "Weißmann, Peter"]
[Black "Khachatryan, Avetis"]
[Result "1/2-1/2"]
[WhiteElo "1813"]
[BlackElo "1768"]
[PlyCount "31"]
[GameId "2189124894424037"]
[EventDate "2025.??.??"]
[WhiteTeam "SG 1882 Fürth"]
[BlackTeam "SG Eckental"]

1. e4 e6 2. d4 d5 3. Nc3 dxe4 4. Nxe4 Nd7 5. Be3 Ngf6 6. Bd3 Be7 7. Nf3 O-O 8. O-O b6 9. c3 Bb7 10. Qc2 Nxe4 11. Bxe4 Bxe4 12. Qxe4 Nf6 13. Qc6 Qd6 14. Ne5 Nd5 15. Qxd6 cxd6 16. Nd3 1/2-1/2

[Event "Schachbezirk Mittelfranken B BezEM 2025"]
[Site "Nürnberg"]
[Date "2025.06.07"]
[Round "2.6"]
[White "Steindl, Horst"]
[Black "Schäfer, Ann-Kathrin"]
[Result "0-1"]
[WhiteElo "1309"]
[BlackElo "1795"]
[PlyCount "64"]
[GameId "2189125794098167"]
[EventDate "2025.??.??"]
[WhiteTeam "SC Schwarz-Weiß Nürnberg Süd e.V"]
[BlackTeam "SC JÄKLECHEMIE"]

1. d4 Nf6 2. Bf4 g6 3. Nf3 Bg7 4. e3 d6 5. Bb5+ c6 6. Bc4 O-O 7. O-O Nh5 8. Ng5 d5 9. Bb3 Nxf4 10. exf4 Qc7 11. g3 h6 12. Nf3 Bg4 13. c3 Nd7 14. Nbd2 Nf6 15. Qb1 c5 16. Bc2 cxd4 17. Nxd4 e5 18. fxe5 Qxe5 19. Re1 Qh5 20. Bd1 Rfe8 21. Bxg4 Nxg4 22. Rxe8+ Rxe8 23. N4f3 d4 24. c4 Re2 25. Nf1 Nxf2 26. N1d2 Ng4 27. Nf1 Qc5 28. Qd3 Rxb2 29. Re1 Rxa2 30. h3 Ra3 31. Re8+ Kh7 32. Ng5+ hxg5 0-1

[Event "Schachbezirk Mittelfranken B BezEM 2025"]
[Site "Nürnberg"]
[Date "2025.06.07"]
[Round "2.7"]
[White "Gottlieb, Michael"]
[Black "Jain, Vihaan"]
[Result "1/2-1/2"]
[WhiteElo "1789"]
[BlackElo "1623"]
[PlyCount "28"]
[GameId "2189343340824087"]
[EventDate "2025.??.??"]
[WhiteTeam "SV Postbauer e.V."]
[BlackTeam "SK 1911 Herzogenaurach e.V."]

1. d4 Nf6 2. Nc3 d5 3. Bf4 a6 4. e3 Bf5 5. Nf3 e6 6. Ne5 Nbd7 7. Bd3 Bxd3 8. Nxd3 c5 9. dxc5 Nxc5 10. O-O Bd6 11. Ne5 O-O 12. Qf3 Nce4 13. Nxe4 Nxe4 14. Rfd1 Qc7 1/2-1/2

[Event "Schachbezirk Mittelfranken B BezEM 2025"]
[Site "Nürnberg"]
[Date "2025.06.07"]
[Round "2.8"]
[White "Nüßlein, Christian Thomas"]
[Black "Hanek, Erik"]
[Result "0-1"]
[WhiteElo "1851"]
[BlackElo "1546"]
[PlyCount "64"]
[GameId "2189344294446633"]
[EventDate "2025.??.??"]
[WhiteTeam "SC Anderssen Nürnberg"]
[BlackTeam "SW Nürnberg Süd e.V"]

1. e4 c6 2. d4 d5 3. Nc3 dxe4 4. Nxe4 Nf6 5. Nxf6+ exf6 6. Nf3 Bd6 7. c3 O-O 8. Be3 Nd7 9. Qc2 Re8 10. O-O-O Nf8 11. Bd3 Be6 12. Kb1 a5 13. Nd2 a4 14. Ne4 b5 15. Nxd6 Qxd6 16. Bf5 b4 17. Bxe6 Nxe6 18. c4 b3 19. Qc3 bxa2+ 20. Kxa2 Reb8 21. Qd2 Rb3 22. d5 cxd5 23. Qxd5 Qb8 24. Rd2 a3 25. Qxa8 Qxa8 26. Kxb3 axb2 27. Kxb2 Qxg2 28. Rhd1 Qb7+ 29. Kc3 h6 30. Rb2 Qc7 31. h4 Qh2 32. c5 Qe5+ 0-1

[Event "Schachbezirk Mittelfranken B BezEM 2025"]
[Site "Nürnberg"]
[Date "2025.06.07"]
[Round "2.9"]
[White "Galter, Norbert"]
[Black "Martick, Ralph"]
[Result "1/2-1/2"]
[WhiteElo "1690"]
[BlackElo "1737"]
[PlyCount "36"]
[GameId "2189370674973397"]
[EventDate "2025.??.??"]
[WhiteTeam "Zabo-Eintracht Nürnberg e.V"]
[BlackTeam "SV Postbauer e.V."]

1. e4 c5 2. d4 cxd4 3. c3 dxc3 4. Nxc3 Nc6 5. Nf3 d6 6. Bc4 a6 7. O-O Nf6 8. a3 Qc7 9. b4 b5 10. Nd5 Nxd5 11. Bxd5 e5 12. Bg5 h6 13. Rc1 Bb7 14. Be3 Be7 15. Rc3 Qd7 16. Bb6 O-O 17. Nxe5 Nxe5 18. Rc7 Qe8 1/2-1/2

[Event "Schachbezirk Mittelfranken B BezEM 2025"]
[Site "Nürnberg"]
[Date "2025.06.07"]
[Round "2.10"]
[White "Walch, Roger"]
[Black "Waschner, Chili"]
[Result "0-1"]
[WhiteElo "1804"]
[BlackElo "1807"]
[PlyCount "136"]
[GameId "2189372199332948"]
[EventDate "2025.??.??"]
[WhiteTeam "SW Nürnberg Süd"]
[BlackTeam "Zabo-Eintracht Nürnberg e.V"]

1. e4 c6 2. d4 d5 3. e5 c5 4. c3 Nc6 5. Nf3 cxd4 6. cxd4 Bg4 7. Be2 e6 8. O-O Nge7 9. Nc3 Nf5 10. Be3 Be7 11. h3 Bh5 12. g4 Nxe3 13. fxe3 Bg6 14. a3 Rc8 15. Rc1 O-O 16. Qe1 f6 17. Qg3 fxe5 18. dxe5 Bc5 19. Nd1 Qb6 20. Ng5 Rxf1+ 21. Bxf1 Re8 22. b4 Be7 23. Nf3 Be4 24. Nd2 Bg6 25. Kh2 Rf8 26. Bg2 Qd8 27. Nf3 Qb8 28. Nd4 Nxd4 29. exd4 Rc8 30. Nc3 h6 31. Rd1 Qc7 32. Nxd5 exd5 33. Bxd5+ Bf7 34. Bxf7+ Kxf7 35. Qb3+ Ke8 36. Qg8+ Kd7 37. Qd5+ Ke8 38. Qg8+ Bf8 39. Qe6+ Be7 40. Qg8+ Bf8 41. Qe6+ Kd8 42. Kh1 Qc6+ 43. Qxc6 Rxc6 44. d5 Rc3 45. Kg2 Rxa3 46. d6 Kd7 47. Rc1 Bxd6 48. Rd1 Ra6 49. b5 Rb6 50. Kf3 Ke6 51. exd6 Rxd6 52. Re1+ Kf7 53. Rc1 Rb6 54. Rc5 Ke6 55. h4 g6 56. Ke4 a6 57. bxa6 bxa6 58. Ra5 Kd7 59. h5 g5 60. Rf5 Re6+ 61. Kd4 Ke7 62. Rc5 Kd6 63. Ra5 Kc7 64. Kd5 Rb6 65. Rc5+ Kb7 66. Kd4 Rb4+ 67. Rc4 Rxc4+ 68. Kxc4 Kc6 0-1

[Event "Schachbezirk Mittelfranken B BezEM 2025"]
[Site "Nürnberg"]
[Date "2025.06.07"]
[Round "2.11"]
[White "Bharathula, Akhila"]
[Black "Hahn, Thomas"]
[Result "1/2-1/2"]
[WhiteElo "1616"]
[BlackElo "1832"]
[PlyCount "121"]
[GameId "2189769212305067"]
[EventDate "2025.??.??"]
[WhiteTeam "NT Nürnberg 1873"]
[BlackTeam "Zabo-Eintracht Nürnberg e.V"]

1. e4 c5 2. Nc3 d6 3. g3 Nf6 4. Bg2 g6 5. d3 Bg7 6. h3 O-O 7. Be3 Nc6 8. Qd2 Rb8 9. f4 Nd7 10. Nf3 b5 11. O-O b4 12. Nd1 Ba6 13. c4 bxc3 14. Nxc3 Qb6 15. b3 Qa5 16. Rac1 Bxc3 17. Rxc3 Nb4 18. Ra1 Qa3 19. Qd1 Qb2 20. Rac1 Qxa2 21. Ne1 Qa5 22. Ra1 Qb5 23. Bf1 Qb7 24. Nc2 Nxc2 25. Qxc2 Bb5 26. Bg2 Bc6 27. Qa2 Qb4 28. Bd2 Qd4+ 29. Kh2 Rb7 30. Qa6 Nb6 31. Rcc1 Qg7 32. b4 Rc7 33. bxc5 dxc5 34. Rxc5 Bb7 35. Bc3 Rxc5 36. Bxg7 Bxa6 37. Bxf8 Kxf8 38. Rxa6 Rc7 39. Ra2 f6 40. g4 h6 41. Kg3 g5 42. f5 Rd7 43. Bf1 Kf7 44. h4 e6 45. Ra3 e5 46. h5 Nc8 47. Kf3 Ne7 48. Ke3 Nc6 49. Be2 Nd4 50. Bd1 Rb7 51. Ra2 Ke7 52. Ba4 a5 53. Bd1 Rb5 54. Kd2 Kd6 55. Ke3 Kc5 56. Ra1 Kb6 57. Ra2 Rb1 58. Kd2 Kb5 59. Ba4+ Kb6 60. Bd1 Rb5 61. Kc3 1/2-1/2

[Event "Schachbezirk Mittelfranken B BezEM 2025"]
[Site "Nürnberg"]
[Date "2025.06.07"]
[Round "2.12"]
[White "Müller, Gerhard"]
[Black "Sarcevic, Ivo"]
[Result "1-0"]
[WhiteElo "1780"]
[BlackElo "1693"]
[PlyCount "145"]
[GameId "2189772843335995"]
[EventDate "2025.??.??"]
[WhiteTeam "SW Nürnberg Süd"]
[BlackTeam "SW Nürnberg Süd"]

1. d4 d5 2. Nf3 Bf5 3. e3 a6 4. b3 Nc6 5. Ba3 Nf6 6. Nbd2 g6 7. Be2 Bg7 8. O-O O-O 9. c4 Ne4 10. Rc1 Nxd2 11. Qxd2 Re8 12. cxd5 Na7 13. Bb4 c6 14. dxc6 Nxc6 15. Rc5 Nxb4 16. Qxb4 Rb8 17. Rfc1 Be4 18. Ne5 Bxe5 19. dxe5 Bc6 20. Rd1 Qc7 21. Qc3 Rbc8 22. Bg4 e6 23. Be2 Red8 24. Rc1 Qd7 25. Qa1 Kg7 26. h3 Bd5 27. Qd4 Rxc5 28. Qxc5 Bc6 29. Qb4 Qd2 30. Qxd2 Rxd2 31. Bxa6 Rxa2 32. Bc4 Rb2 33. Rc3 b5 34. Bxe6 fxe6 35. Rxc6 Rxb3 36. Rxe6 b4 37. Rb6 Rb1+ 38. Kh2 b3 39. Rb7+ Kg8 40. e6 b2 41. Kg3 Kf8 42. Kf3 h5 43. h4 Ke8 44. g3 Kd8 45. Ke2 Kc8 46. e7 Kxb7 47. e8=Q Re1+ 48. Kxe1 b1=Q+ 49. Ke2 Qc2+ 50. Kf3 Qf5+ 51. Kg2 Kc7 52. Qa8 Kd6 53. e4 Qe6 54. Qa6+ Ke7 55. Qxe6+ Kxe6 56. f4 Kf6 57. Kf3 Ke6 58. g4 Kf6 59. e5+ Ke6 60. Ke4 hxg4 61. Ke3 Kf5 62. Kf2 Ke6 63. Kg3 Kf5 64. Kf2 Ke6 65. Kg2 Kf5 66. Kg3 g5 67. hxg5 Kg6 68. Kxg4 Kg7 69. Kf5 Kf7 70. g6+ Ke7 71. e6 Kf8 72. Kf6 Kg8 73. e7 1-0

[Event "Schachbezirk Mittelfranken B BezEM 2025"]
[Site "Nürnberg"]
[Date "2025.06.07"]
[Round "2.13"]
[White "Chitluri, Prajna Sai"]
[Black "Bharathula, Agasthya"]
[Result "0-1"]
[WhiteElo "1584"]
[BlackElo "1748"]
[PlyCount "132"]
[GameId "2189803846206792"]
[EventDate "2025.??.??"]
[WhiteTeam "SW Nürnberg Süd e.V"]
[BlackTeam "NT Nürnberg 1873"]

1. e4 d5 2. exd5 Qxd5 3. Nc3 Qa5 4. Nf3 c6 5. a3 Bf5 6. d3 Qc7 7. Be2 Nf6 8. O-O Nbd7 9. h3 e6 10. Be3 Bd6 11. d4 h6 12. Bd3 Bxd3 13. Qxd3 Nb6 14. b3 Nbd5 15. Nxd5 Nxd5 16. c4 Nxe3 17. Qxe3 O-O 18. Ne5 c5 19. Nf3 cxd4 20. Qxd4 Rfd8 21. Qe4 Rd7 22. Rfd1 Rad8 23. Re1 Be7 24. Qe5 Qb6 25. Qb5 Qxb5 26. cxb5 Rd3 27. b4 R3d5 28. Re5 Rxe5 29. Nxe5 Bf6 30. Re1 Bxe5 31. Rxe5 b6 32. f3 Rd3 33. a4 Rd4 34. Re4 Rd1+ 35. Kh2 Ra1 36. a5 bxa5 37. bxa5 Rxa5 38. Rb4 Kf8 39. Kg3 Ke7 40. b6 axb6 41. Rxb6 Kf6 42. Rb4 Rg5+ 43. Rg4 Rxg4+ 44. Kxg4 Ke5 45. Kg3 Kd4 46. Kf2 e5 47. Ke2 f5 48. g3 e4 49. f4 Kc3 50. Ke3 Kc2 51. Ke2 h5 52. h4 g6 53. Ke3 Kd1 54. Kd4 Kd2 55. Ke5 e3 56. Kf6 e2 57. Kxg6 e1=Q 58. Kxf5 Qxg3 59. Ke5 Qxh4 60. f5 Qe7+ 61. Kf4 Qf6 62. Ke4 h4 63. Kf4 h3 64. Kg3 Qxf5 65. Kh2 Qg4 66. Kh1 Qg2# 0-1

[Event "Schachbezirk Mittelfranken B BezEM 2025"]
[Site "Nürnberg"]
[Date "2025.06.07"]
[Round "2.14"]
[White "Barnowski, Roman"]
[Black "Majid, Hakim"]
[Result "1-0"]
[WhiteElo "1740"]
[BlackElo "1613"]
[PlyCount "105"]
[GameId "2189806535140912"]
[EventDate "2025.??.??"]
[WhiteTeam "SW Nürnberg Süd"]
[BlackTeam "SW Nürnberg Süd"]

1. g3 d5 2. Bg2 e5 3. d3 Be6 4. Nf3 Bd6 5. O-O Nf6 6. c4 dxc4 7. dxc4 O-O 8. c5 Bxc5 9. Nxe5 c6 10. Bg5 Be7 11. Nc3 Qb6 12. Qc2 Qa5 13. Nf3 Na6 14. a3 Qc7 15. Rfd1 Nc5 16. Nd4 Qc8 17. b4 Na6 18. Ne4 Nd5 19. Bxe7 Nxe7 20. Ng5 Bf5 21. Nxf5 Qxf5 22. Qd2 h6 23. Ne4 Ng6 24. Nd6 Qd7 25. Qc2 Qc7 26. Rd2 Rad8 27. Rad1 Rb8 28. f4 Qb6+ 29. Kh1 Qe3 30. Rd3 Qf2 31. Qd2 h5 32. Re3 h4 33. Rf1 Qxf1+ 34. Bxf1 hxg3 35. hxg3 Rfd8 36. Rd3 c5 37. b5 Nc7 38. a4 Ne6 39. f5 Ne5 40. Rd5 Ng4 41. fxe6 fxe6 42. Rxc5 Nf2+ 43. Kg1 Ne4 44. Qd4 Nxd6 45. Rc7 Nf5 46. Qe5 Re8 47. g4 Ne7 48. Rxe7 Rxe7 49. Qxb8+ Kh7 50. Qxa7 Kg6 51. Qc5 Rf7 52. e3 Kh6 53. Qh5# 1-0

[Event "Schachbezirk Mittelfranken B BezEM 2025"]
[Site "Nürnberg"]
[Date "2025.06.07"]
[Round "2.15"]
[White "Atturi, Sathwik Reddy"]
[Black "Nikolaiev, Mykyta"]
[Result "1-0"]
[WhiteElo "1729"]
[BlackElo "1470"]
[PlyCount "117"]
[GameId "2189821993565100"]
[EventDate "2025.??.??"]
[WhiteTeam "Zabo-Eintracht Nürnberg e.V"]
[BlackTeam "SGem 1882 Fürth"]

1. e4 c5 2. Nf3 d6 3. d4 cxd4 4. Nxd4 Nf6 5. Nc3 a6 6. Be3 e5 7. Nb3 Be6 8. Be2 Be7 9. Qd2 b5 10. f3 Nbd7 11. Bd3 Nb6 12. g4 h6 13. O-O-O b4 14. Ne2 d5 15. exd5 Nfxd5 16. Bf2 Bg5 17. f4 exf4 18. h4 Be7 19. Nxf4 Bxg4 20. Rdg1 h5 21. Nxd5 Nxd5 22. Be4 Be6 23. Rd1 Bg4 24. Bxd5 Bxd1 25. Bxa8 Qxa8 26. Rxd1 O-O 27. Qd5 Qxd5 28. Rxd5 f5 29. Nd4 g6 30. Nf3 Kf7 31. Rd7 Ra8 32. Bc5 Re8 33. Bxe7 Rxe7 34. Ne5+ Ke6 35. Rxe7+ Kxe7 36. Nxg6+ Kf6 37. Nf4 Ke5 38. Nxh5 f4 39. Nxf4 Kxf4 40. Kd2 Kg4 41. Kd3 Kxh4 42. Kc4 Kg4 43. Kxb4 Kf3 44. Kc5 Ke4 45. c4 Ke5 46. Kb6 Kd6 47. c5+ Kd7 48. Kb7 a5 49. c6+ Ke7 50. c7 a4 51. c8=Q a3 52. bxa3 Kf7 53. Qf5+ Kg7 54. Kc7 Kh8 55. Qg5 Kh7 56. Kd7 Kh8 57. Ke7 Kh7 58. Kf7 Kh8 59. Qg8# 1-0

[Event "Schachbezirk Mittelfranken B BezEM 2025"]
[Site "Nürnberg"]
[Date "2025.06.07"]
[Round "2.16"]
[White "Schwarzfischer, Andreas"]
[Black "Nikolaiev, Hennadii"]
[Result "0-1"]
[WhiteElo "1350"]
[BlackElo "1698"]
[PlyCount "114"]
[GameId "2189859047787963"]
[EventDate "2025.??.??"]
[WhiteTeam "SW Nürnberg Süd e.V"]
[BlackTeam "NT Nürnberg 1873"]

1. e4 c5 2. Nf3 e6 3. Nc3 Nc6 4. Bb5 d6 5. d4 cxd4 6. Nxd4 Bd7 7. Nxc6 bxc6 8. Ba4 d5 9. O-O g6 10. Be3 Bg7 11. Bd4 Nf6 12. Bxf6 Bxf6 13. exd5 cxd5 14. Bxd7+ Qxd7 15. Qf3 Bg7 16. Rfe1 O-O 17. Nd1 Rfc8 18. c3 Qc6 19. Re2 Rab8 20. a4 a5 21. Ne3 Rb3 22. g4 d4 23. Qxc6 Rxc6 24. cxd4 Bxd4 25. Nd1 Rcb6 26. Ra2 h6 27. Rc2 Kg7 28. Kg2 g5 29. Nc3 Rc6 30. f3 Bxc3 31. bxc3 Rcxc3 32. Rxc3 Rxc3 33. Re2 Ra3 34. Re4 Kf6 35. Kg3 e5 36. Rc4 Kg6 37. h3 f6 38. Kf2 h5 39. Kg2 h4 40. Kf2 Kf7 41. Kg2 Ke6 42. Kf2 Kd6 43. Kg2 Kd5 44. Re4 Ra2+ 45. Kg1 Rd2 46. Re1 Rd4 47. Ra1 Kc5 48. Kf2 Kb4 49. Ke3 Rc4 50. Kd3 Rd4+ 51. Ke3 Kb3 52. Rb1+ Kxa4 53. Rb6 Rf4 54. Rb1 Ka3 55. Ra1+ Kb4 56. Rb1+ Kc5 57. Ra1 a4 0-1

[Event "Schachbezirk Mittelfranken B BezEM 2025"]
[Site "Nürnberg"]
[Date "2025.06.07"]
[Round "3.1"]
[White "Hanek, Erik"]
[Black "Schlötterer, Hermann"]
[Result "1/2-1/2"]
[WhiteElo "1546"]
[BlackElo "1836"]
[PlyCount "71"]
[GameId "2189863429917350"]
[EventDate "2025.??.??"]
[WhiteTeam "SW Nürnberg Süd e.V"]
[BlackTeam "Zabo-Eintracht Nürnberg e.V"]

1. e4 c5 2. Nf3 Nc6 3. d4 cxd4 4. Nxd4 Nf6 5. Nc3 e5 6. Ndb5 d6 7. Nd5 Nxd5 8. exd5 Nb8 9. c4 Be7 10. Bd3 O-O 11. O-O f5 12. f4 a6 13. Nc3 e4 14. Bc2 Nd7 15. Be3 Qc7 16. Qe2 Bf6 17. Rab1 b5 18. cxb5 Bxc3 19. bxc3 axb5 20. Bd4 Rxa2 21. g4 Nf6 22. g5 Nd7 23. Rf2 Nc5 24. Qh5 Qf7 25. Qxf7+ Rxf7 26. Bxc5 dxc5 27. Rxb5 Ra1+ 28. Kg2 Rc7 29. Rd2 Bb7 30. Bb3 e3 31. Re2 c4 32. Bxc4 Rxc4 33. Rxb7 Rxc3 34. d6 Rd1 35. Rc7 Rcd3 36. d7 1/2-1/2

[Event "Schachbezirk Mittelfranken B BezEM 2025"]
[Site "Nürnberg"]
[Date "2025.06.07"]
[Round "3.2"]
[White "Waschner, Chili"]
[Black "Werner, Norbert"]
[Result "1-0"]
[WhiteElo "1807"]
[BlackElo "1771"]
[PlyCount "61"]
[GameId "2189865543965773"]
[EventDate "2025.??.??"]
[WhiteTeam "Zabo-Eintracht Nürnberg e.V"]
[BlackTeam "SW Nürnberg Süd e.V"]

1. d4 e5 2. dxe5 Nc6 3. Nf3 Qe7 4. Bg5 Qb4+ 5. Nc3 h6 6. Bd2 Qe7 7. Nd5 Qd8 8. e4 Nge7 9. Bc4 Ng6 10. Bc3 d6 11. exd6 Bxd6 12. Bxg7 Nge5 13. Nxe5 Bxe5 14. Bxh8 Bxh8 15. c3 Ne5 16. Bb3 c6 17. Ne3 Qh4 18. Qc2 Bd7 19. O-O-O O-O-O 20. g3 Qe7 21. f4 Ng4 22. Nxg4 Bxg4 23. Rxd8+ Kxd8 24. Qd3+ Kc7 25. h3 Be6 26. Bxe6 Qxe6 27. Kb1 Bf6 28. e5 Be7 29. g4 Bc5 30. Rd1 Be7 31. Qe4 1-0

[Event "Schachbezirk Mittelfranken B BezEM 2025"]
[Site "Nürnberg"]
[Date "2025.06.07"]
[Round "3.3"]
[White "Schäfer, Ann-Kathrin"]
[Black "Dippel, Jörg"]
[Result "1/2-1/2"]
[WhiteElo "1795"]
[BlackElo "1901"]
[PlyCount "129"]
[GameId "2189867236449722"]
[EventDate "2025.??.??"]
[WhiteTeam "SC JÄKLECHEMIE"]
[BlackTeam "Anderssen Nbg 1929 e.V."]

1. d4 d5 2. Nf3 c6 3. e3 e6 4. Bd3 f5 5. c4 Bd6 6. O-O Nf6 7. b3 O-O 8. Ba3 Ne4 9. Bxd6 Qxd6 10. Ne5 Bd7 11. f3 Nf6 12. Nc3 Be8 13. Ne2 Nfd7 14. f4 Bh5 15. Qe1 Bxe2 16. Bxe2 Qe7 17. c5 Nf6 18. b4 a6 19. a4 Qc7 20. b5 axb5 21. axb5 Nbd7 22. Qb4 Rfb8 23. b6 Qc8 24. Rfb1 Rxa1 25. Rxa1 Ra8 26. Ra7 Nxe5 27. fxe5 Ne4 28. Qa5 Rb8 29. Qa3 Qd8 30. Bd3 h6 31. Be2 Kh7 32. Bf3 Nd2 33. Be2 Ne4 34. Qc1 Qe7 35. Qe1 Rf8 36. Ba6 Rb8 37. Bxb7 Rxb7 38. Rxb7 Qxb7 39. Qa5 Qe7 40. Qa6 Qg5 41. Qa3 Qh4 42. Qc1 Qf2+ 43. Kh1 Qe2 44. h3 Nf2+ 45. Kh2 Nd1 46. b7 Nxe3 47. Qg1 Nf1+ 48. Kh1 Ng3+ 49. Kh2 Qb5 50. Kxg3 Qxb7 51. Kh2 Qb4 52. Qe3 g5 53. Qd3 Kg7 54. Qd1 Qa3 55. Qh5 Qa8 56. Kg3 Qf8 57. Qd1 Kg6 58. Qc2 h5 59. Qd3 Kh6 60. Qa6 Qe8 61. Qa4 h4+ 62. Kh2 g4 63. hxg4 fxg4 64. Qd1 Qh5 65. Qf1 1/2-1/2

[Event "Schachbezirk Mittelfranken B BezEM 2025"]
[Site "Nürnberg"]
[Date "2025.06.07"]
[Round "3.4"]
[White "Balhar, Michael"]
[Black "Gottlieb, Michael"]
[Result "1-0"]
[WhiteElo "1831"]
[BlackElo "1789"]
[PlyCount "41"]
[GameId "2189871978295879"]
[EventDate "2025.??.??"]
[WhiteTeam "SC Erlangen 48/88"]
[BlackTeam "SV Postbauer e.V."]

1. e4 e5 2. Nf3 Nc6 3. Bc4 Nf6 4. d3 Bc5 5. c3 a6 6. Bb3 d6 7. h3 h6 8. Nbd2 Ba7 9. Nf1 d5 10. exd5 Nxd5 11. Ng3 O-O 12. O-O Re8 13. Re1 b5 14. d4 Bb7 15. dxe5 Nde7 16. e6 f6 17. Qe2 Qc8 18. Nh4 Ne5 19. Bf4 g5 20. Bxe5 gxh4 21. Qg4+ 1-0

[Event "Schachbezirk Mittelfranken B BezEM 2025"]
[Site "Nürnberg"]
[Date "2025.06.07"]
[Round "3.5"]
[White "Jain, Vihaan"]
[Black "Weißmann, Peter"]
[Result "1/2-1/2"]
[WhiteElo "1623"]
[BlackElo "1813"]
[PlyCount "33"]
[GameId "2189873251943175"]
[EventDate "2025.??.??"]
[WhiteTeam "SK 1911 Herzogenaurach e.V."]
[BlackTeam "SG 1882 Fürth"]

1. e4 c5 2. c3 d5 3. exd5 Qxd5 4. d4 e5 5. dxe5 Qxe5+ 6. Qe2 Qxe2+ 7. Bxe2 Nf6 8. Nf3 Bd6 9. O-O O-O 10. Nbd2 Nc6 11. Nc4 Be7 12. Be3 b6 13. Rad1 Be6 14. Ng5 Bxc4 15. Bxc4 h6 16. Ne4 Nxe4 17. Bd5 1/2-1/2

[Event "Schachbezirk Mittelfranken B BezEM 2025"]
[Site "Nürnberg"]
[Date "2025.06.07"]
[Round "3.6"]
[White "Lang, Franz"]
[Black "Ratushnyi, Artur"]
[Result "1-0"]
[WhiteElo "1782"]
[BlackElo "1694"]
[PlyCount "33"]
[GameId "2189874081657797"]
[EventDate "2025.??.??"]
[WhiteTeam "SG Eckental"]
[BlackTeam "SW Nürnberg Süd e.V"]

1. e4 e5 2. Nc3 Nf6 3. f4 d6 4. Nf3 Bg4 5. h3 Bxf3 6. Qxf3 Nbd7 7. Bc4 g6 8. d3 Bg7 9. f5 a6 10. Bg5 h6 11. Bxf6 Nxf6 12. fxg6 fxg6 13. O-O Qe7 14. Nd5 Nxd5 15. Bxd5 O-O-O 16. Qg4+ Kb8 17. Rf7 1-0

[Event "Schachbezirk Mittelfranken B BezEM 2025"]
[Site "Nürnberg"]
[Date "2025.06.07"]
[Round "3.7"]
[White "Khachatryan, Avetis"]
[Black "Süß, Helmut"]
[Result "1/2-1/2"]
[Annotator "Dimi"]
[WhiteElo "1768"]
[BlackElo "1866"]
[PlyCount "93"]
[GameId "2189863234067089"]
[EventDate "2025.??.??"]
[WhiteTeam "SG Eckental"]
[BlackTeam "NT Nürnberg"]

1. e4 g6 2. d4 Bg7 3. Nc3 c5 4. Be3 Qa5 5. Nge2 Nf6 6. Qd2 cxd4 7. Nxd4 Nc6 8. Nb3 Qd8 9. f3 d6 10. Be2 Be6 11. O-O-O Nd7 12. Nd5 Nb6 13. f4 f5 14. Nc3 fxe4 15. Nxe4 Nc4 16. Bxc4 Bxc4 17. Ng5 h6 18. Nf3 Bxb3 19. axb3 Qa5 20. Qxa5 Nxa5 21. Nd4 Bxd4 22. Bxd4 O-O 23. g3 Nc6 24. Bc3 Rf5 25. Rhe1 Kf7 26. Rf1 Rf8 27. g4 Rb5 28. f5 gxf5 29. gxf5 Ne5 30. Rd4 Ke8 31. Rh4 Rf6 32. Re4 Rd5 33. Bd4 e6 34. c4 Ra5 35. Kc2 Rxf5 36. Rfe1 Kf7 37. b4 Ra6 38. b5 Ra4 39. Bxe5 Rxe5 40. Rxe5 dxe5 41. Kb3 Ra5 42. Rxe5 b6 43. Re1 a6 44. bxa6 Rxa6 45. Kb4 Ra5 46. Rc1 Rf5 47. Rc2 1/2-1/2

[Event "Schachbezirk Mittelfranken B BezEM 2025"]
[Site "Nürnberg"]
[Date "2025.06.07"]
[Round "3.8"]
[White "Martick, Ralph"]
[Black "Müller, Gerhard"]
[Result "1/2-1/2"]
[WhiteElo "1737"]
[BlackElo "1780"]
[PlyCount "77"]
[GameId "2189875062133879"]
[EventDate "2025.??.??"]
[WhiteTeam "SV Postbauer e.V."]
[BlackTeam "SW Nürnberg Süd"]

1. b3 Nc6 2. Bb2 e5 3. e3 Nf6 4. Bb5 d6 5. d4 exd4 6. Qxd4 Bd7 7. Qd2 a6 8. Bxc6 Bxc6 9. f3 Be7 10. Nc3 Qd7 11. O-O-O Qf5 12. Nge2 Qa5 13. Kb1 Qg5 14. Nd4 Bd7 15. h4 Qa5 16. g4 g6 17. Nde2 Bc6 18. e4 Rg8 19. Nd4 Qc5 20. Nxc6 Qxc6 21. g5 Nd7 22. Nd5 Bf8 23. Qf4 Bg7 24. Bf6 Bxf6 25. gxf6 Rf8 26. Rhe1 Ne5 27. Re3 Qd7 28. Rc3 Nc6 29. e5 dxe5 30. Qe4 Qd6 31. Rdd3 Rd8 32. Ne7 Qxf6 33. Nxc6 Rxd3 34. cxd3 bxc6 35. Rxc6 Qd8 36. Rc5 f6 37. Qc4 Rf7 38. Qe6+ Kf8 39. Qc4 1/2-1/2